Datum a čas kvízu
32
Celkem bodů
Celkový počet nahraných bodů na tomto kvízu bez doplňovacích otázek.
6.
Pořadí na kvízu
Konečné umístění týmu na tomto kvízu.
Zaznamenané odpovědi
| # | Otázka | Odpověď | Body | Výsledky |
|---|---|---|---|---|
| 1. | Jak se nazývá státní vyznamená... | Řád Tomáše Garrigua Masaryka (1. třídy) | 0 | |
| 2. | Humanoidní robot Muhammad na v... | osahával ženu | 1 | |
| 3. | Jak se nazývá soutěžní reality... | Peče celá země | 1 | |
| 4. | Automobilka Škoda představila... | Epiq | 0 | |
| 5. | Pokolikáté zvítězil fenomenáln... | popáté (4 a 6 za půl bodu) | 0.5 | |
| 6. | Téma začneme v Evropě. Seřaďte... | 1B 2D 3C 4A | 1 | |
| 7. | V souvislosti s Che Guevarou s... | v Argentině | 0 | |
| 8. | Jak se jmenuje tento živočich... | fosa | 1 | |
| 9. | Jak se jmenuje nejlidnatější s... | Indonésie, Jakarta | 0 | |
| 10. | Jak se jmenuje ostrovní stát,... | Vanuatu | 0 |